Central Library OPAC University of Rajshahi

Persian literature : (Record no. 19296)

MARC details
000 -LEADER
fixed length control field 00961cam a2200265 a 4500
001 - CONTROL NUMBER
control field 19296
003 - CONTROL NUMBER IDENTIFIER
rucl marc code BD-RjUL
005 - DATE AND TIME OF LATEST TRANSACTION
control field 20211209000419.0
008 - FIXED-LENGTH DATA ELEMENTS--GENERAL INFORMATION
fixed length control field 140223r19551923enk b 001 0 eng d
035 ## - SYSTEM CONTROL NUMBER
System control number (BD-RjUL)19354
040 ## - CATALOGING SOURCE
Original cataloging agency Xerox
Modifying agency BD-RjUL
Language of cataloging eng
Transcribing agency ANL
041 ## - LANGUAGE CODE
Language code of text/sound track or separate title eng
082 04 - DEWEY DECIMAL CLASSIFICATION NUMBER
Classification number 891.5109
Edition number 22
Author mark and year LEP 1955
100 1# - MAIN ENTRY--PERSONAL NAME
Personal name Levy, Reuben.
9 (RLIN) 59347
245 10 - TITLE STATEMENT
Title Persian literature :
Remainder of title an introduction /
Statement of responsibility, etc. by Reuben Levy.
260 ## - PUBLICATION, DISTRIBUTION, ETC. (IMPRINT)
Place of publication, distribution, etc. London :
Name of publisher, distributor, etc. Oxford University Press,
Date of publication, distribution, etc. 1923 [Reprinted 1955].
300 ## - PHYSICAL DESCRIPTION
Pagination 112 p. ;
Size 19 cm.
490 1# - SERIES STATEMENT
Series statement Language & literature series
504 ## - BIBLIOGRAPHY, ETC. NOTE
Bibliography, etc Includes bibliography titled "A list of modern general works, Persian texts, and translations published mainly in Europe": p. [104]-110 and index of authors.
650 #0 - SUBJECT ADDED ENTRY--TOPICAL TERM
Topical term or geographic name as entry element Persian literature
General subdivision History and criticism.
9 (RLIN) 56443
830 #0 - SERIES ADDED ENTRY--UNIFORM TITLE
Uniform title Language and literature series.
Uniform title The World's manuals.
942 ## - ADDED ENTRY ELEMENTS (KOHA)
Source of classification or shelving scheme Dewey Decimal Classification
Koha item type Books
Holdings
Lost status Source of classification or shelving scheme Damaged status Not for loan Collection code Permanent Location Current Location Shelving location Date acquired Total Checkouts Full call number Date last seen Copy number Koha item type
  Dewey Decimal Classification   Not For Loan Non-fiction Central Library, University of Rajshahi Central Library, University of Rajshahi Reading Room 23/02/2014   891.5109 LEP 1955 23/02/2014 C-1 Books